| 000 | 00394nam a2200157 i 4500 | ||
|---|---|---|---|
| 001 | bg | ||
| 100 | 1 | _aBATYCKI, Tadeusz | |
| 245 | 0 |
_aPodstawy telemechaniki / _cT. Batycki, A. Kasprzak. |
|
| 260 |
_aWrocław, _c1990. |
||
| 700 | 1 | _aKASPRZAK, Andrzej | |
| 040 | _cBPK | ||
| 041 | _apol | ||
| 080 | _a621.391:621.398:519.72](075.8) | ||
| 942 | _cKS | ||
| 008 | s pl f |000 0 pol | ||
| 999 |
_c5298 _d5298 |
||
| 856 |
_uhttp://koha.tu.koszalin.pl/cgi-bin/koha/opac-detail.pl?biblionumber=5298 _yKatalog online BPK |
||